STN EN ISO 8501-4: 2007 (03 8223) [neplatná], Príprava oceľových podkladov pred nanesením náterových látok a podobných výrobkov. Vizuálne posudzovanie čistoty povrchu Časť 4 Začiatočný stav povrchu, stupne prípravy povrchu a stupne korózie v spojení s použitím vysokotlakového vodného lúča (ISO 8501-4: 2006)
Norma je slovenskou verziou EN ISO 8501-4: 2006 a ISO 8501-1: 2006
| Korporatívny autor: | |
|---|---|
| Ďalší autori: | |
| Médium: | Kniha |
| Jazyk: | slovenčina angličtina |
| Fyzický popis: | 12 strán tabuľky 30 cm 1 voľná príloha (12 strán) |
| Vydavateľské údaje: |
Bratislava
Slovenský ústav technickej normalizácie
2007
|
| Predmet: |
MARC
| LEADER | 00000nam a2200000 a 4500 | ||
|---|---|---|---|
| 001 | vtls009815845 | ||
| 003 | SK-MaSNL | ||
| 005 | 20260301130350.0 | ||
| 008 | 160627s2007 xo f u 000 0 slo | ||
| 015 | |a SNBN2011/03-02892 | ||
| 020 | |c (cen. skup. 13) | ||
| 035 | |a (SVKBBclas03)vtls000283462 | ||
| 040 | |a SNK |b slo |c SNK |e AACR2 | ||
| 041 | 1 | |a slo |h eng | |
| 044 | |a xo |c SK | ||
| 046 | |a m |m 20070601 (účin.) |n 20210401 (zruš.) | ||
| 072 | 7 | |a 620.1/.2 |x Náuka o materiáli |2 konspekt | |
| 080 | |a 667.637.27 |2 2001 | ||
| 080 | |a 006.86 |2 2001 | ||
| 080 | |a (4)CEN |2 2001 | ||
| 080 | |a (437.6) |2 2001 | ||
| 080 | |a (083.744) |2 2001 | ||
| 080 | |a 620.193 |2 2001 | ||
| 084 | |a 25.220.10 |2 ICS | ||
| 130 | 0 | |a STN 03 8223 (STN EN ISO 8501-4) [neplatná] |9 477803 | |
| 245 | 1 | 0 | |a STN EN ISO 8501-4: 2007 (03 8223) [neplatná], Príprava oceľových podkladov pred nanesením náterových látok a podobných výrobkov. Vizuálne posudzovanie čistoty povrchu |n Časť 4 |p Začiatočný stav povrchu, stupne prípravy povrchu a stupne korózie v spojení s použitím vysokotlakového vodného lúča (ISO 8501-4: 2006) |
| 246 | 1 | 0 | |a Príprava oceľových podkladov pred nanesením náterových látok a podobných výrobkov |
| 246 | 1 | 0 | |a Vizuálne posudzovanie čistoty povrchu |
| 246 | 1 | 0 | |a Začiatočný stav povrchu, stupne prípravy povrchu a stupne korózie v spojení s použitím vysokotlakového vodného lúča |
| 246 | 3 | 0 | |a EN ISO 8501-4: 2006 E |
| 246 | 3 | 0 | |a ISO 8501-4: 2006 |
| 260 | |a Bratislava |b Slovenský ústav technickej normalizácie |c 2007 | ||
| 300 | |a 12 strán |b tabuľky |c 30 cm |e 1 voľná príloha (12 strán) | ||
| 500 | |a Norma je od 1.4.2021 nahradená anglickou verziou normy STN EN ISO 8501-4 z apríla 2021 v celom rozsahu | ||
| 500 | |a Spracovateľ: Artcentrum Bratislava, Marta Chovancová | ||
| 520 | 8 | |a Norma je slovenskou verziou EN ISO 8501-4: 2006 a ISO 8501-1: 2006 | |
| 540 | |a STN vydané na akomkoľvek nosiči sa môžu rozmnožovať a rozširovať iba so súhlasom určenej právnickej osoby |b SÚTN Bratislava |c zákon 264/1999 Z.z. | ||
| 650 | 0 | 7 | |a oceľové podklady |2 SVKBBPH |9 321116 |
| 650 | 0 | 7 | |a náterové látky |2 SVKBBPH |9 75358 |
| 650 | 0 | 7 | |a korózia |2 SVKBBPH |9 3937 |
| 650 | 0 | 7 | |a technické normy a štandardy |z Slovensko |2 SNKPH |9 79594 |
| 650 | 0 | 7 | |a technické normy a štandardy |z krajiny Európskej únie |2 SNKPH |9 289341 |
| 655 | 7 | |a normy |2 SNKPH |9 70643 | |
| 700 | 1 | |a Chovancová, Marta, |d 1946- |4 trl |9 182662 | |
| 710 | 2 | |a ARTCENTRUM (Bratislava, Slovensko) |9 314684 | |
| 710 | 2 | |a Slovenský ústav technickej normalizácie. |b Technická komia č. 76 Korózia a ochrana materiálov proti korózii |4 stn |9 477804 | |
| 958 | |a OP | ||
| 999 | |c 745035 |d 746965 | ||
| 952 | |a SNK |b SNK |y PREZ |7 0 |p 17A0682551 |o snkSTN EN ISO 8501-4 |i snk2010/27547 |8 0 |3 Príloha: 1 voľ. príl. (12 s.) |0 0 |1 0 |4 0 |d 2010-12-13 |l 0 |r 2026-02-23 23:13:27 |w 2026-02-23 | ||
| 952 | |a SNK |b SNK |y PREZ |7 0 |p 17A0682552 |o snkSTN EN ISO 8501-4/príl. |i snk2010/27547 |8 0 |3 Príloha: 1 voľ. príl. (12 s.) |z Príloha |0 0 |1 0 |4 0 |d 2010-12-13 |l 0 |r 2026-02-23 23:13:27 |w 2026-02-23 | ||
| 952 | |a SNK |b SNK |y PREZ |7 0 |p 17A0682553 |o snkSTN EN ISO 8501-4 D1 |i snk2010/27548 |8 0 |3 Príloha: 1 voľ. príl. (12 s.) |0 0 |1 0 |4 0 |d 2010-12-13 |l 0 |r 2026-02-23 23:13:27 |w 2026-02-23 | ||
| 952 | |a SNK |b SNK |y PREZ |7 0 |p 17A0682554 |o snkSTN EN ISO 8501-4/príl. D1 |i snk2010/27548 |8 0 |3 Príloha: 1 voľ. príl. (12 s.) |z Príloha |0 0 |1 0 |4 0 |d 2010-12-13 |l 0 |r 2026-02-23 23:13:27 |w 2026-02-23 | ||


